5HLuxD.jpg

KING HENRY VIII SENIOR AND PRIMARY SCHOOL LIBRARY OPAC

The Iron Lady : (Record no. 4196)

000 -LEADER
fixed length control field 01028cam a2200289 a 4500
001 - CONTROL NUMBER
control field 17060000
003 - CONTROL NUMBER IDENTIFIER
control field OSt
005 - DATE AND TIME OF LATEST TRANSACTION
control field 20250124094857.0
008 - FIXED-LENGTH DATA ELEMENTS--GENERAL INFORMATION
fixed length control field 111128r20112009nyu b 001 0beng
010 ## - LIBRARY OF CONGRESS CONTROL NUMBER
LC control number 2011453762
020 ## - INTERNATIONAL STANDARD BOOK NUMBER
International Standard Book Number 9780143120872 (pbk.)
040 ## - CATALOGING SOURCE
Original cataloging agency DLC
Transcribing agency DLC
Modifying agency KH8
042 ## - AUTHENTICATION CODE
Authentication code pcc
043 ## - GEOGRAPHIC AREA CODE
Geographic area code e-uk---
082 00 - DEWEY DECIMAL CLASSIFICATION NUMBER
Classification number 941.085 CAM
100 1# - MAIN ENTRY--PERSONAL NAME
Personal name Campbell, John,
Dates associated with a name 1947-
Relator term author.
245 14 - TITLE STATEMENT
Title The Iron Lady :
Remainder of title Margaret Thatcher, from grocer's daughter to prime minister /
Statement of responsibility, etc. John Campbell ; abridgement by David Freeman.
260 ## - PUBLICATION, DISTRIBUTION, ETC.
Place of publication, distribution, etc. New York :
Name of publisher, distributor, etc. Penguin Books,
Date of publication, distribution, etc. 2011.
300 ## - PHYSICAL DESCRIPTION
Extent x, 564 p. ;
Dimensions 22 cm.
500 ## - GENERAL NOTE
General note Reprint. Originally published in Great Britain by Vintage in 2009.
504 ## - BIBLIOGRAPHY, ETC. NOTE
Bibliography, etc. note Includes bibliographical references (p. 540-[554]) and index.
600 10 - SUBJECT ADDED ENTRY--PERSONAL NAME
Personal name Thatcher, Margaret.
610 20 - SUBJECT ADDED ENTRY--CORPORATE NAME
Corporate name or jurisdiction name as entry element Conservative Party (Great Britain)
General subdivision Biography.
650 #0 - SUBJECT ADDED ENTRY--TOPICAL TERM
Topical term or geographic name entry element Prime ministers
Geographic subdivision Great Britain
Form subdivision Biography.
651 #0 - SUBJECT ADDED ENTRY--GEOGRAPHIC NAME
Geographic name Great Britain
General subdivision Politics and government
Chronological subdivision 1979-1997.
942 ## - ADDED ENTRY ELEMENTS (KOHA)
Source of classification or shelving scheme
Koha item type Books - Non Ficton
Holdings
Withdrawn status Lost status Source of classification or shelving scheme Damaged status Not for loan Collection code Permanent Location Current Location Shelving location Date acquired Full call number Barcode Date last seen Price effective from Koha item type
          Non-Fiction KH8 Senior School Library KH8 Senior School Library Non Fiction 2025-01-24 941.085 CAM 3KHSL000102141 2025-01-24 2025-01-24 Books - Non Ficton

Powered By KH8 IT Dept